[Event "C.to Provinciale CS"]
[Site "Rossano ITA"]
[Date "2006.02.18"]
[Round "1"]
[White "Rizzuti, Pasquale"]
[Black "Ielapi, Gianbattista"]
[Result "1-0"]
[WhiteElo "1865"]
[BlackElo "1620"]
[PlyCount "75"]
[EventDate "2006.02.18"]

1. b3 Nf6 2. Bb2 g6 3. g4 Bg7 4. g5 Nh5 5. Bxg7 Nxg7 6. Bg2 e5 7. h4 d6 8. Nc3
Nd7 9. Nf3 Rb8 10. d4 O-O 11. e3 b6 12. a4 Bb7 13. a5 exd4 14. exd4 Re8+ 15.
Kf1 Ne6 16. a6 Ba8 17. Qd2 Ng7 18. b4 Rc8 19. Nb5 Rb8 20. c4 Nf8 21. d5 Re4 22.
Nfd4 Re7 23. Rh3 Qd7 24. Re1 Rbe8 25. Rxe7 Rxe7 26. Nc6 Bxc6 27. dxc6 Qe6 28.
Qc3 Qe2+ 29. Kg1 Qd1+ 30. Kh2 Nf5 31. Nxa7 Qg4 32. Nc8 Qf4+ 33. Kg1 Re2 34. Bf3
Nd4 35. a7 Nxf3+ 36. Rxf3 Qg4+ 37. Kf1 Ra2 38. Ne7# 1-0

[Event "C.to Provinciale CS"]
[Site "Rossano ITA"]
[Date "2006.02.19"]
[Round "2"]
[White "Armentano, Alessio"]
[Black "Catapano, Francesco"]
[Result "1-0"]
[WhiteElo "2081"]
[BlackElo "1772"]
[PlyCount "103"]
[EventDate "2006.02.18"]

1. e4 c5 2. Nc3 Nc6 3. g3 g6 4. Bg2 Bg7 5. d3 Nf6 6. f4 d6 7. Nf3 Bg4 8. h3 Bd7
9. O-O a6 10. Be3 Qc7 11. Qd2 h5 12. Ng5 Nh7 13. Nd5 Qd8 14. Nf3 e6 15. Nc3 Nd4
16. Rab1 Qc7 17. Ne2 Nxf3+ 18. Bxf3 Nf6 19. c4 Bc6 20. b4 cxb4 21. Qxb4 O-O 22.
g4 hxg4 23. hxg4 Rfb8 24. Bb6 Qe7 25. Kg2 Nd7 26. Bc7 Rc8 27. Bxd6 Qd8 28. e5
Qh4 29. g5 Qg4+ 30. Ng3 Bf8 31. Bxf8 Rxf8 32. Bxc6 bxc6 33. Qd6 Rfd8 34. Qxc6
Rac8 35. Qf3 Qxf3+ 36. Rxf3 Nc5 37. Rd1 Rc7 38. Kf2 Rcd7 39. Ke2 Rd4 40. Nh1
Ne4 41. Rc1 Nc5 42. Nf2 a5 43. Rb1 a4 44. Rb5 Rc8 45. Ke3 Rd7 46. Rxc5 Rxc5 47.
Ne4 Rcc7 48. Nf6+ Kf8 49. Nxd7+ Rxd7 50. Rh3 Rb7 51. Rh8+ Ke7 52. Ra8 1-0

[Event "C.to Provinciale CS"]
[Site "Rossano ITA"]
[Date "2006.02.19"]
[Round "2"]
[White "De Marco, Francesco"]
[Black "Forlano, Luigi"]
[Result "1/2-1/2"]
[WhiteElo "1821"]
[BlackElo "2013"]
[PlyCount "89"]
[EventDate "2006.02.18"]

1. e4 Nf6 2. Nc3 d5 3. exd5 Nxd5 4. Nxd5 Qxd5 5. Nf3 Bg4 6. Be2 e5 7. d3 Bc5 8.
O-O Nc6 9. h3 Bh5 10. a3 a5 11. c3 O-O 12. Qa4 Bg6 13. Rd1 Rfe8 14. Nh4 Qe6 15.
Nxg6 Qxg6 16. Bf3 Rad8 17. Be4 f5 18. Bxc6 Qxc6 19. Qxc6 bxc6 20. b4 Bb6 21.
Be3 axb4 22. axb4 Ra8 23. Kf1 Kf7 24. Ke2 Ke6 25. Kf3 Red8 26. Ke2 f4 27. Bd2
g5 28. Be1 Kf5 29. g4+ fxg3 30. fxg3 g4 31. h4 Ke6 32. Bd2 Rxa1 33. Rxa1 Rf8
34. Rf1 Rxf1 35. Kxf1 c5 36. b5 Kd5 37. c4+ Ke6 38. Ke2 Kf5 39. Ke3 Ba7 40. Bc3
Bb6 41. Ke2 e4 42. Ke3 exd3 43. Kxd3 Ba7 44. Ba5 Bb6 45. Bd2 1/2-1/2

[Event "C.to Provinciale CS"]
[Site "Rossano ITA"]
[Date "2006.02.19"]
[Round "2"]
[White "Ielapi, Gianbattista"]
[Black "Ferrara, Giuseppe"]
[Result "1-0"]
[WhiteElo "1620"]
[BlackElo "1664"]
[PlyCount "101"]
[EventDate "2006.02.18"]

1. e4 e5 2. Nf3 Nc6 3. Bb5 d6 4. d4 Bd7 5. O-O exd4 6. Nxd4 Nxd4 7. Bxd7+ Qxd7
8. Qxd4 Nf6 9. Re1 Be7 10. Nc3 O-O 11. b3 c6 12. Bb2 c5 13. Qd3 Qg4 14. Re3 Qe6
15. Rae1 Nd7 16. f4 f6 17. Nd5 Rac8 18. c4 Qf7 19. Nxe7+ Qxe7 20. Rd1 Rc7 21.
Qxd6 Qxd6 22. Rxd6 Re8 23. e5 fxe5 24. fxe5 Nf8 25. Rd5 b6 26. Kf2 Ne6 27. g3
Rf7+ 28. Rf3 Rfe7 29. a3 Ng5 30. Re3 Rf8+ 31. Kg2 h6 32. h4 Ne6 33. b4 Rc8 34.
bxc5 Nxc5 35. Bc3 Na4 36. Bb4 Nc5 37. Bxc5 Rxc5 38. Rxc5 bxc5 39. Kf3 Rd7 40.
e6 Re7 41. Re5 Kh7 42. h5 g5 43. g4 Kg7 44. Ke4 Kf6 45. Kd5 Re8 46. Rf5+ Ke7
47. Rf7+ Kd8 48. e7+ Kd7 49. Kxc5 Rxe7 50. Rxe7+ Kxe7 51. Kd5 1-0

[Event "C.to Provinciale CS"]
[Site "Rossano ITA"]
[Date "2006.02.19"]
[Round "2"]
[White "Ielapi, Vito"]
[Black "Marincolo, Piercarlo"]
[Result "1-0"]
[WhiteElo "2001"]
[BlackElo "1673"]
[PlyCount "79"]
[EventDate "2006.02.18"]

1. e4 c5 2. Nf3 Nc6 3. d4 cxd4 4. Nxd4 Nf6 5. Nc3 e5 6. Nb3 Bb4 7. Bd3 d6 8.
O-O Qc7 9. Nd5 Nxd5 10. exd5 Ne7 11. c3 Bc5 12. Nxc5 Qxc5 13. c4 O-O 14. Qh5 f5
15. Be3 Qc7 16. Rac1 e4 17. Bb1 b6 18. Bd4 Ng6 19. f3 Nf4 20. Qg5 Ne2+ 21. Kh1
Nxd4 22. Qe3 exf3 23. gxf3 Nc6 24. dxc6 Qxc6 25. b4 Bb7 26. c5 Rae8 27. Qb3+
Kh8 28. b5 Qc7 29. c6 Bc8 30. Rfe1 a5 31. Qd5 Re5 32. Rxe5 dxe5 33. Rd1 e4 34.
fxe4 fxe4 35. Qxe4 Bf5 36. Qxf5 Rxf5 37. Bxf5 Qe7 38. Bh3 Qf6 39. Rf1 Qe7 40.
c7 1-0

[Event "C.to Provinciale CS"]
[Site "Rossano ITA"]
[Date "2006.02.19"]
[Round "2"]
[White "Luvera', Filippo"]
[Black "Falbo, Salvatore"]
[Result "1/2-1/2"]
[WhiteElo "1811"]
[BlackElo "1472"]
[PlyCount "67"]
[EventDate "2006.02.18"]

1. e4 e5 2. Nf3 Nc6 3. Nc3 Nf6 4. d4 Bb4 5. Nxe5 Nxe5 6. dxe5 Nxe4 7. Qg4 d5 8.
Qxg7 Rf8 9. Bh6 Qh4 10. O-O-O Nxc3 11. bxc3 Ba3+ 12. Kb1 Qxf2 13. Qf6 Qxf6 14.
exf6 Rg8 15. Rxd5 Rg6 16. Bg7 Be6 17. Rb5 O-O-O 18. Bd3 Rxg2 19. Be4 Rgd2 20.
Bxb7+ Kb8 21. Bf3+ Kc8 22. Ra5 Bd6 23. Rxa7 Kd7 24. Be4 Rb8+ 25. Rb7 Rxb7+ 26.
Bxb7 Bf5 27. Rf1 Bg6 28. Kb2 Rxc2+ 29. Kb3 Rxh2 30. Rc1 Bf4 31. Rd1+ Bd6 32.
Rc1 Bf4 33. Rd1+ Bd6 34. Rc1 1/2-1/2

[Event "C.to Provinciale CS"]
[Site "Rossano ITA"]
[Date "2006.02.19"]
[Round "2"]
[White "Malta, Gaetano"]
[Black "Cordi', Domenico"]
[Result "0-1"]
[WhiteElo "1718"]
[BlackElo "2065"]
[PlyCount "72"]
[EventDate "2006.02.18"]

1. e4 Nf6 2. e5 Nd5 3. c4 Nb6 4. d4 d6 5. f4 dxe5 6. fxe5 Nc6 7. Be3 Bf5 8. a3
e6 9. Nf3 Be7 10. Be2 O-O 11. O-O f6 12. Nbd2 fxe5 13. dxe5 Nd7 14. Nb3 Ndxe5
15. Nxe5 Nxe5 16. Qxd8 Raxd8 17. Bc5 Bxc5+ 18. Nxc5 Rd2 19. Rf2 b6 20. Na4 Nd3
21. Bxd3 Rxf2 22. Kxf2 Bxd3+ 23. Ke3 Bxc4 24. Rc1 Bb3 25. Nc3 c5 26. Re1 Rf5
27. Ne4 Bd5 28. Nd6 Re5+ 29. Kf2 Rxe1 30. Kxe1 a6 31. Nc8 b5 32. g3 Kf8 33. Nb6
Ke7 34. a4 Kd6 35. axb5 axb5 36. Nxd5 exd5 0-1

[Event "C.to Provinciale CS"]
[Site "Rossano ITA"]
[Date "2006.02.19"]
[Round "2"]
[White "Paragliola, Gennaro"]
[Black "Filippelli, Antonio"]
[Result "0-1"]
[WhiteElo "1544"]
[BlackElo "1625"]
[PlyCount "96"]
[EventDate "2006.02.18"]

1. d4 d5 2. c4 e6 3. Nc3 Nf6 4. Bg5 Nbd7 5. e3 Bb4 6. Qc2 c6 7. Nf3 Qa5 8. Bxf6
Nxf6 9. Bd3 h6 10. O-O Bxc3 11. bxc3 O-O 12. c5 b6 13. cxb6 axb6 14. Rfb1 Ba6
15. Ne5 Rfc8 16. Rb2 Bxd3 17. Qxd3 b5 18. f3 Ra6 19. Rab1 Qc7 20. Qe2 Ra3 21.
Rb3 Rca8 22. Rxa3 Rxa3 23. Qb2 Ra4 24. Qb3 Qc8 25. Rb2 Qa6 26. Qc2 g6 27. Nxg6
Nd7 28. Nf4 Ra3 29. Qd2 Nb6 30. Qf2 Rxc3 31. Qg3+ Kf8 32. Qh4 Rc1+ 33. Kf2 Ke8
34. Qxh6 Qa5 35. Nd3 Ra1 36. Qh8+ Ke7 37. Nb4 Kd7 38. Qf8 Nc4 39. Qxf7+ Kd6 40.
Qf8+ Kd7 41. Rc2 Qa3 42. Re2 Rb1 43. Nd3 Qxf8 44. Nc5+ Ke7 45. h4 Rb2 46. g4
Rxe2+ 47. Kxe2 Qh6 48. h5 Qxe3+ 0-1

[Event "C.to Provinciale CS"]
[Site "Rossano ITA"]
[Date "2006.02.19"]
[Round "2"]
[White "Piccoli, Vincenzo"]
[Black "Promenzio, Fabrizio"]
[Result "1/2-1/2"]
[WhiteElo "1646"]
[BlackElo "1584"]
[PlyCount "47"]
[EventDate "2006.02.18"]

1. d4 d5 2. c4 Nf6 3. cxd5 Qxd5 4. Nc3 Qa5 5. Bd2 Qb6 6. e3 Bf5 7. Qb3 Nbd7 8.
Bc4 e6 9. Rc1 a6 10. Nge2 Be7 11. O-O O-O 12. Rfd1 Rfd8 13. Be1 c6 14. Ng3 Bg6
15. Rd2 Bd6 16. Bxe6 Bxg3 17. Bxd7 Bxh2+ 18. Kxh2 Qc7+ 19. Kg1 Rxd7 20. d5 Ne4
21. Nxe4 Bxe4 22. f3 Bg6 23. dxc6 bxc6 24. Rd5 1/2-1/2

[Event "C.to Provinciale CS"]
[Site "Rossano ITA"]
[Date "2006.02.19"]
[Round "2"]
[White "Todarello, Giovanni"]
[Black "Spataro, Enrico"]
[Result "0-1"]
[WhiteElo "1831"]
[BlackElo "1712"]
[PlyCount "98"]
[EventDate "2006.02.18"]

1. e4 c5 2. Nf3 Nc6 3. d4 cxd4 4. Nxd4 Nf6 5. Nc3 e5 6. Nf3 h6 7. Be2 d6 8. h3
Be7 9. O-O O-O 10. Be3 Be6 11. Qd2 a6 12. Rad1 Rc8 13. a3 Qc7 14. Nh2 Na5 15.
Ng4 Rfd8 16. Rc1 Bxg4 17. hxg4 Nc4 18. Bxc4 Qxc4 19. g5 hxg5 20. Bxg5 Rd7 21.
Rfe1 Qc6 22. Bxf6 Bxf6 23. Nd5 Be7 24. Re3 Bg5 25. f4 Bxf4 26. Nxf4 exf4 27.
Re2 Qb6+ 28. Rf2 Qxb2 29. Rf3 Qe5 30. Rxf4 Qc5+ 31. Qf2 Qxf2+ 32. Kxf2 Rc3 33.
Rf3 Rdc7 34. Rxc3 Rxc3 35. a4 Rc4 36. Rb1 Rxc2+ 37. Kf3 Rc3+ 38. Kf4 Rc4 39.
Ke3 Rxa4 40. Rxb7 Ra2 41. g4 f6 42. Rd7 a5 43. Rxd6 Kf7 44. Rd5 a4 45. Rd7+ Kg6
46. Rd5 a3 47. Ra5 Ra1 48. Ke2 a2 49. Kf2 Rh1 0-1

[Event "C.to Provinciale CS"]
[Site "Rossano ITA"]
[Date "2006.02.19"]
[Round "3"]
[White "Catapano, Francesco"]
[Black "De Marco, Francesco"]
[Result "0-1"]
[WhiteElo "1772"]
[BlackElo "1821"]
[PlyCount "90"]
[EventDate "2006.02.18"]

1. e4 c5 2. Nc3 Nc6 3. f4 d6 4. Nf3 a6 5. a4 e6 6. Bc4 Qc7 7. d3 Nf6 8. O-O Be7
9. Qe1 Na5 10. Ba2 Nc6 11. e5 Nd7 12. exd6 Bxd6 13. Bxe6 O-O 14. Bc4 Bxf4 15.
Bxf4 Qxf4 16. Nh4 Qd4+ 17. Kh1 Nde5 18. Bd5 Nb4 19. Bb3 Be6 20. Nf5 Bxf5 21.
Rxf5 Rae8 22. Qf1 Qh4 23. Rf4 Qh5 24. Re1 Nbc6 25. Bd5 Rb8 26. Rf5 Qg6 27.
Rexe5 Nxe5 28. Rxe5 b5 29. axb5 axb5 30. Ne4 c4 31. Rg5 Qh6 32. Rg3 cxd3 33.
Rxd3 Kh8 34. Rf3 f5 35. c3 Rbe8 36. Bb3 g5 37. Rxf5 g4 38. Rxf8+ Rxf8 39. Qd1
Qg7 40. Ng3 h5 41. Nxh5 Qd7 42. Qc1 Qd2 43. Qg1 Re8 44. Ng3 Re1 45. Nf1 Qd3 0-1

[Event "C.to Provinciale CS"]
[Site "Rossano ITA"]
[Date "2006.02.19"]
[Round "3"]
[White "Cordi', Domenico"]
[Black "Ielapi, Vito"]
[Result "1/2-1/2"]
[WhiteElo "2065"]
[BlackElo "2001"]
[PlyCount "89"]
[EventDate "2006.02.18"]

1. e4 e5 2. Nf3 Nc6 3. Bb5 a6 4. Ba4 Nf6 5. O-O b5 6. Bb3 Be7 7. Re1 O-O 8. h3
d6 9. c3 Na5 10. Bc2 c5 11. d4 Qc7 12. Nbd2 Bd7 13. Nf1 Rac8 14. Bd3 Rfe8 15.
Ng3 h6 16. d5 Bf8 17. Be3 Nb7 18. c4 Rb8 19. b3 Na5 20. Nd2 Nb7 21. Qf3 Qd8 22.
Nf5 Kh7 23. g4 g6 24. Ng3 Be7 25. Qe2 b4 26. f4 Ng8 27. Rf1 Rf8 28. Rf3 f6 29.
Raf1 Qe8 30. Qf2 Kg7 31. Kh2 Nd8 32. f5 g5 33. Nh5+ Kh8 34. h4 Rf7 35. Rh3 Rh7
36. Nf3 Qf8 37. Rh1 Be8 38. Ng3 Nf7 39. hxg5 fxg5 40. Kg2 Nf6 41. Qe2 Qg7 42.
Qd1 Bf8 43. Be2 Kg8 44. Qc2 a5 45. Bd1 1/2-1/2

[Event "C.to Provinciale CS"]
[Site "Rossano ITA"]
[Date "2006.02.19"]
[Round "3"]
[White "Falbo, Salvatore"]
[Black "Ielapi, Gianbattista"]
[Result "1/2-1/2"]
[WhiteElo "1472"]
[BlackElo "1620"]
[PlyCount "45"]
[EventDate "2006.02.18"]

1. e4 c5 2. Nf3 d6 3. d4 cxd4 4. Nxd4 Nf6 5. Nc3 g6 6. h3 Bg7 7. Nf3 Nc6 8. Bb5
Bd7 9. Bg5 a6 10. Bxc6 Bxc6 11. Qd3 Rc8 12. Rd1 O-O 13. O-O b5 14. e5 dxe5 15.
Nxe5 Qxd3 16. Rxd3 Bb7 17. Rfd1 Ne4 18. Nd7 Nxc3 19. bxc3 Rfd8 20. Nb6 Rb8 21.
Nd7 Rbc8 22. Nb6 Rb8 23. Nd7 1/2-1/2

[Event "C.to Provinciale CS"]
[Site "Rossano ITA"]
[Date "2006.02.19"]
[Round "3"]
[White "Ferrara, Giuseppe"]
[Black "Piccoli, Vincenzo"]
[Result "0-1"]
[WhiteElo "1664"]
[BlackElo "1646"]
[PlyCount "72"]
[EventDate "2006.02.18"]

1. e4 e5 2. Nf3 Nc6 3. Bc4 Bc5 4. d3 Bb4+ 5. c3 Be7 6. d4 exd4 7. cxd4 Bb4+ 8.
Nc3 Nf6 9. Bd2 Bxc3 10. Bxc3 Nxe4 11. Qe2 d5 12. Bd3 O-O 13. O-O Nxc3 14. bxc3
Re8 15. Qc2 h6 16. Rfe1 Bg4 17. Ne5 Nxe5 18. dxe5 Qg5 19. h3 Bxh3 20. f3 Bd7
21. Qe2 Re7 22. Qf2 Rxe5 23. f4 Rxe1+ 24. Rxe1 Qf6 25. Re3 Kh8 26. Bc2 Be6 27.
g3 Rd8 28. Rd3 Bf5 29. Re3 Bxc2 30. Qxc2 Qb6 31. Kf2 Re8 32. Qd3 Qxe3+ 33. Qxe3
Rxe3 34. Kxe3 c5 35. a4 f5 36. Kd3 g5 0-1

[Event "C.to Provinciale CS"]
[Site "Rossano ITA"]
[Date "2006.02.19"]
[Round "3"]
[White "Filippelli, Antonio"]
[Black "Luvera', Filippo"]
[Result "0-1"]
[WhiteElo "1625"]
[BlackElo "1811"]
[PlyCount "70"]
[EventDate "2006.02.18"]

1. e4 c5 2. Nf3 Nc6 3. c3 d6 4. d4 cxd4 5. cxd4 e6 6. Bb5 a6 7. Ba4 b5 8. Bc2
Be7 9. a3 Bb7 10. b4 Nf6 11. Nbd2 Rc8 12. e5 dxe5 13. dxe5 Nd5 14. Bb2 Nf4 15.
O-O O-O 16. Rc1 Nd3 17. Rb1 Nxb2 18. Rxb2 Qc7 19. Re1 Rfd8 20. Qe2 Nd4 21. Nxd4
Rxd4 22. Nf3 Bxf3 23. Qxf3 Rc4 24. Qe2 Rxc2 25. Rxc2 Qxc2 26. Qf3 Qd2 27. Kf1
Rc1 28. Qa8+ Bf8 29. Rxc1 Qxc1+ 30. Ke2 Qxa3 31. Qe4 Qxb4 32. Qa8 a5 33. Qc6 a4
34. f4 a3 35. f5 Qc4+ 0-1

[Event "C.to Provinciale CS"]
[Site "Rossano ITA"]
[Date "2006.02.19"]
[Round "3"]
[White "Promenzio, Fabrizio"]
[Black "Malta, Gaetano"]
[Result "1/2-1/2"]
[WhiteElo "1584"]
[BlackElo "1718"]
[PlyCount "118"]
[EventDate "2006.02.18"]

1. e4 c5 2. Nf3 e6 3. Nc3 Nc6 4. d4 cxd4 5. Nxd4 a6 6. Nxc6 bxc6 7. a3 Qb6 8.
Bc4 d5 9. exd5 exd5 10. Bb3 Nf6 11. h3 Be7 12. Bf4 O-O 13. O-O Bf5 14. Qd2 Rfe8
15. Rfe1 Rad8 16. Re5 Be6 17. Rae1 Nd7 18. R5e2 Nc5 19. Na4 Nxa4 20. Bxa4 Qxb2
21. Bxc6 Rf8 22. Qa5 Qxa3 23. Qxa3 Bxa3 24. Ra1 Bd6 25. Bxd6 Rxd6 26. Ba4 Ra8
27. Rb1 Bd7 28. Bxd7 Rxd7 29. Rbe1 Kf8 30. c3 Rc7 31. Rd2 Rd8 32. Ra1 Rd6 33.
Ra3 Ke8 34. g4 Kd7 35. Kg2 Rc5 36. Rb2 Rb5 37. Rba2 Rbb6 38. Kg3 Rdc6 39. f3
Kc7 40. Rd2 Rc5 41. Re2 Kb7 42. Re7+ Rc7 43. Re2 Rbc6 44. Rb3+ Rb6 45. Ra3 Rbc6
46. Rb3+ Ka7 47. Re3 Rb6 48. Ra3 Rb5 49. h4 Rbc5 50. Rd3 Rd7 51. Ra4 Kb6 52.
Rb4+ Rb5 53. Ra4 Ra5 54. Rb4+ Kc6 55. Rb2 Rb7 56. Rc2 Ra1 57. h5 a5 58. Rcd2
Rb5 59. c4 dxc4 1/2-1/2

[Event "C.to Provinciale CS"]
[Site "Rossano ITA"]
[Date "2006.02.19"]
[Round "3"]
[White "Rizzuti, Pasquale"]
[Black "Armentano, Alessio"]
[Result "0-1"]
[WhiteElo "1865"]
[BlackElo "2081"]
[PlyCount "112"]
[EventDate "2006.02.18"]

1. Nf3 f5 2. b3 Nf6 3. Bb2 d6 4. d4 g6 5. c4 Bg7 6. Nc3 O-O 7. Qc2 e6 8. e3 Qe8
9. Be2 e5 10. dxe5 dxe5 11. O-O-O Na6 12. Ba3 c5 13. Nb5 Ng4 14. Nd6 Qe7 15.
Bf1 Rd8 16. h3 Rxd6 17. Rxd6 Qxd6 18. hxg4 fxg4 19. Ng5 h6 20. Ne4 Qc6 21. Bd3
Bf5 22. Kb1 Rd8 23. f3 gxf3 24. gxf3 b6 25. Qc3 Nc7 26. Rg1 a5 27. Bb2 Kf8 28.
a3 Ne6 29. Rg3 Ng5 30. Nf2 Qd7 31. Bxf5 Qxf5+ 32. Ka2 Rd7 33. Qc1 Kg8 34. f4
exf4 35. exf4 Bxb2 36. Kxb2 Ne6 37. Ng4 Kh7 38. Qe3 Rd1 39. Qe4 Qxe4 40. Nf6+
Kg7 41. Nxe4 Nxf4 42. Kc2 Rd4 43. Nd2 g5 44. Re3 Kf7 45. Nf3 Rd6 46. Nd2 Re6
47. Rg3 Kg6 48. Nf3 Kf5 49. Nd2 g4 50. Nf1 h5 51. Ne3+ Kg5 52. Nd5 h4 53. Nxf4
Kxf4 54. Rg1 g3 55. b4 h3 56. bxc5 bxc5 0-1

[Event "C.to Provinciale CS"]
[Site "Rossano ITA"]
[Date "2006.02.25"]
[Round "4"]
[White "Catapano, Francesco"]
[Black "Filippelli, Antonio"]
[Result "1-0"]
[WhiteElo "1772"]
[BlackElo "1625"]
[PlyCount "67"]
[EventDate "2006.02.18"]

1. e4 c5 2. Nc3 e6 3. Bc4 a6 4. a4 Nc6 5. d3 g6 6. f4 Bg7 7. Nf3 Nge7 8. O-O d5
9. exd5 exd5 10. Bb3 O-O 11. Qe1 Re8 12. Qh4 Nf5 13. Qxd8 Rxd8 14. Nxd5 Be6 15.
Nc7 Rac8 16. Nxe6 fxe6 17. Bxe6+ Kf8 18. Bxc8 Rxc8 19. Ne5 Bf6 20. Nd7+ Kg7 21.
Nxf6 Kxf6 22. Bd2 Kf7 23. c3 Rd8 24. Rf3 Na5 25. g4 Ne7 26. f5 Rd5 27. fxg6+
Kxg6 28. Raf1 Ng8 29. h4 h5 30. gxh5+ Rxh5 31. Rg3+ Kh7 32. Rf7+ Kh8 33. c4 Nh6
34. Bc3+ 1-0

[Event "C.to Provinciale CS"]
[Site "Rossano ITA"]
[Date "2006.02.25"]
[Round "4"]
[White "Forlano, Luigi"]
[Black "Armentano, Alessio"]
[Result "0-1"]
[WhiteElo "2013"]
[BlackElo "2081"]
[PlyCount "56"]
[EventDate "2006.02.18"]

1. e4 c5 2. Nc3 Nc6 3. f4 e6 4. Nf3 Nge7 5. Bb5 g6 6. O-O Bg7 7. d3 O-O 8. Qe1
a6 9. Bxc6 Nxc6 10. e5 d5 11. Qg3 b5 12. Bd2 f6 13. a3 Qc7 14. Rae1 Nd4 15.
Nxd4 cxd4 16. Ne2 fxe5 17. Rc1 Bd7 18. Bb4 exf4 19. Qf2 Rf7 20. Nxd4 e5 21. Nf3
h6 22. Rfe1 Re8 23. Qc5 Qb7 24. c4 e4 25. dxe4 dxe4 26. Nd2 Rf5 27. Qf2 e3 28.
Qh4 Rg5 0-1

[Event "C.to Provinciale CS"]
[Site "Rossano ITA"]
[Date "2006.02.25"]
[Round "4"]
[White "Ielapi, Gianbattista"]
[Black "Spataro, Enrico"]
[Result "0-1"]
[WhiteElo "1620"]
[BlackElo "1712"]
[PlyCount "40"]
[EventDate "2006.02.18"]

1. e4 c5 2. Nf3 d6 3. d4 cxd4 4. Nxd4 Nf6 5. Nc3 a6 6. Be2 e5 7. Nb3 Be7 8. Be3
Be6 9. a4 Nc6 10. Qd2 O-O 11. O-O Qc7 12. f4 exf4 13. Bxf4 Bxb3 14. cxb3 Qb6+
15. Be3 Qxb3 16. Bf3 Ne5 17. Nd5 Nxd5 18. Ra3 Qc4 19. Rc1 Nxf3+ 20. gxf3 Nxe3
0-1

[Event "C.to Provinciale CS"]
[Site "Rossano ITA"]
[Date "2006.02.25"]
[Round "4"]
[White "Ielapi, Vito"]
[Black "De Marco, Francesco"]
[Result "0-1"]
[WhiteElo "2001"]
[BlackElo "1821"]
[PlyCount "90"]
[EventDate "2006.02.18"]

1. e4 c5 2. Nf3 d6 3. d4 cxd4 4. Nxd4 Nf6 5. Nc3 g6 6. Bd3 Bg7 7. O-O O-O 8. h3
Nc6 9. Nf3 a6 10. a3 Bd7 11. Be3 b5 12. Nd5 Nxd5 13. exd5 Ne5 14. Nxe5 Bxe5 15.
c3 Qc8 16. f4 Bg7 17. Qf3 f5 18. Rfe1 Re8 19. Bf2 Bf6 20. Re2 Qb7 21. Rae1 Rac8
22. Bb1 Kg7 23. Bc2 h5 24. Rd2 a5 25. Bd4 Rc7 26. Qd3 Kf7 27. Rde2 Bxd4+ 28.
Qxd4 Qa7 29. Qxa7 Rxa7 30. Bb3 Rc7 31. Kf2 Bc8 32. Re3 Bb7 33. Ke2 h4 34. Kd3
Ba6 35. Kd4 Rg8 36. g3 hxg3 37. Rxg3 b4 38. axb4 axb4 39. c4 Rh8 40. Rc1 Rh4
41. Ke3 Bb7 42. Rcg1 Ba6 43. Ba4 Rxc4 44. Rxg6 Rxh3+ 45. Kd2 Rh2+ 0-1

[Event "C.to Provinciale CS"]
[Site "Rossano ITA"]
[Date "2006.02.25"]
[Round "4"]
[White "Luvera', Filippo"]
[Black "Cordi', Domenico"]
[Result "1/2-1/2"]
[WhiteElo "1811"]
[BlackElo "2065"]
[PlyCount "69"]
[EventDate "2006.02.18"]

1. e4 c5 2. c3 d5 3. exd5 Qxd5 4. d4 Nf6 5. Nf3 Nc6 6. Be2 e6 7. O-O Be7 8. Be3
cxd4 9. cxd4 O-O 10. Nc3 Qd6 11. a3 a6 12. Rc1 Rd8 13. Qc2 Bd7 14. Rfd1 Rac8
15. Qd2 Na5 16. Qd3 Nc4 17. Qb1 Bc6 18. Bg5 Nb6 19. Bxf6 Bxf6 20. Ne4 Bxe4 21.
Qxe4 Qd5 22. Qxd5 Nxd5 23. g3 Ne7 24. Rc3 Rxc3 25. bxc3 Nd5 26. Rc1 Rc8 27. c4
b5 28. c5 Rc6 29. Ne5 Bxe5 30. dxe5 Kf8 31. f4 Ke7 32. Kf2 f6 33. Kf3 f5 34.
Bf1 Kd8 35. Ke2 1/2-1/2

[Event "C.to Provinciale CS"]
[Site "Rossano ITA"]
[Date "2006.02.25"]
[Round "4"]
[White "Marincolo, Piercarlo"]
[Black "Rizzuti, Pasquale"]
[Result "0-1"]
[WhiteElo "1673"]
[BlackElo "1865"]
[PlyCount "62"]
[EventDate "2006.02.18"]

1. e4 c5 2. Nf3 d6 3. d4 cxd4 4. Nxd4 Nf6 5. Nc3 a6 6. Be3 e5 7. Nb3 Be7 8. Be2
Be6 9. O-O Nbd7 10. f4 exf4 11. Bxf4 Ne5 12. Nd4 Qb6 13. Kh1 Rd8 14. Nf5 Bxf5
15. exf5 O-O 16. Rb1 Qc6 17. Qd4 Rfe8 18. Bf3 Nxf3 19. Rxf3 d5 20. Rg3 Nh5 21.
Rh3 Bf6 22. Qf2 Nxf4 23. Qxf4 d4 24. Qg4 dxc3 25. Qh5 h6 26. bxc3 Rd2 27. Qg4
Re4 28. Qf3 Rde2 29. Qf1 Bxc3 30. Rd3 Re1 31. Rd8+ Kh7 0-1

[Event "C.to Provinciale CS"]
[Site "Rossano ITA"]
[Date "2006.02.25"]
[Round "4"]
[White "Paragliola, Gennaro"]
[Black "Falbo, Salvatore"]
[Result "1/2-1/2"]
[WhiteElo "1544"]
[BlackElo "1472"]
[PlyCount "37"]
[EventDate "2006.02.18"]

1. d4 e6 2. c4 Nf6 3. Bg5 d5 4. e4 dxe4 5. f3 Be7 6. Nc3 exf3 7. Nxf3 O-O 8.
Bd3 c6 9. O-O Qb6 10. Qc2 Qc7 11. Bxf6 Bxf6 12. Bxh7+ Kh8 13. Ne4 Nd7 14. Rae1
b6 15. Neg5 Bb7 16. Bg8 g6 17. Bxf7 c5 18. Qxg6 Bxg5 19. Nxg5 1/2-1/2

[Event "C.to Provinciale CS"]
[Site "Rossano ITA"]
[Date "2006.02.25"]
[Round "4"]
[White "Piccoli, Vincenzo"]
[Black "Todarello, Giovanni"]
[Result "0-1"]
[WhiteElo "1646"]
[BlackElo "1831"]
[PlyCount "58"]
[EventDate "2006.02.18"]

1. d4 d5 2. c4 c6 3. Nf3 Nf6 4. Nc3 e6 5. e3 Nbd7 6. Bd3 dxc4 7. Bxc4 b5 8. Bd3
a6 9. O-O c5 10. e4 cxd4 11. Nxd4 Bc5 12. Be3 Ne5 13. Bc2 Qb6 14. Re1 O-O 15.
a3 Rd8 16. Nce2 Nc4 17. b4 Bf8 18. Qc1 Ng4 19. Rd1 Qc7 20. g3 Ngxe3 21. fxe3
Bb7 22. Kf2 g6 23. Bd3 Rac8 24. Ra2 Qb6 25. Rc2 Ne5 26. Rxc8 Ng4+ 27. Kg2 Rxc8
28. Qd2 Bh6 29. Nc2 Bxe3 0-1

[Event "C.to Provinciale CS"]
[Site "Rossano ITA"]
[Date "2006.02.26"]
[Round "5"]
[White "Cordi', Domenico"]
[Black "Forlano, Luigi"]
[Result "1-0"]
[WhiteElo "2065"]
[BlackElo "2013"]
[PlyCount "77"]
[EventDate "2006.02.18"]

1. e4 d5 2. exd5 Qxd5 3. Nc3 Qd6 4. d4 a6 5. Be2 Nf6 6. Bf3 e5 7. dxe5 Qxe5+ 8.
Nge2 Bb4 9. O-O O-O 10. Bf4 Qe7 11. Qd4 Rd8 12. Qe5 Qxe5 13. Bxe5 c6 14. Rad1
Be7 15. Rxd8+ Bxd8 16. Rd1 Be7 17. Bxf6 Bxf6 18. Ne4 Be7 19. Nd6 Bxd6 20. Rxd6
Nd7 21. Bg4 Nf8 22. Rd8 Bxg4 23. Rxa8 Bxe2 24. Rb8 g6 25. Rxb7 Ne6 26. f3 Bd1
27. c4 a5 28. Kf2 a4 29. Ra7 g5 30. Ke1 Bc2 31. Kd2 Bb1 32. Rxa4 h5 33. b4 Bf5
34. Kc3 Kg7 35. Ra6 Nf4 36. Rxc6 Nxg2 37. b5 g4 38. fxg4 hxg4 39. b6 1-0

[Event "C.to Provinciale CS"]
[Site "Rossano ITA"]
[Date "2006.02.26"]
[Round "5"]
[White "De Marco, Francesco"]
[Black "Rizzuti, Pasquale"]
[Result "1/2-1/2"]
[WhiteElo "1821"]
[BlackElo "1865"]
[PlyCount "108"]
[EventDate "2006.02.18"]

1. e4 c5 2. Nf3 d6 3. c3 Nf6 4. e5 dxe5 5. Nxe5 e6 6. Bb5+ Bd7 7. Nxd7 Nbxd7 8.
O-O a6 9. Ba4 b5 10. Bc2 Bd6 11. d4 Qc7 12. h3 O-O 13. dxc5 Nxc5 14. Bg5 Rfd8
15. Qe2 Be7 16. Nd2 Rd7 17. Bxf6 Bxf6 18. Ne4 Nxe4 19. Qxe4 Rad8 20. Qxh7+ Kf8
21. Rad1 g6 22. Rxd7 Rxd7 23. Qh6+ Ke7 24. Qe3 Kf8 25. Re1 Kg7 26. Rd1 Rxd1+
27. Bxd1 Qc4 28. Bb3 Qc6 29. Qd3 Be5 30. Qe2 Bc7 31. c4 bxc4 32. Bxc4 a5 33. b3
Qd6 34. g3 Qd4 35. Kg2 Bb6 36. Qf3 g5 37. a4 Bc5 38. Bb5 f5 39. Bc4 Kf6 40. Bb5
Bb6 41. Ba6 Qc5 42. Bc4 e5 43. Bd3 f4 44. g4 Ba7 45. Qe2 Bb6 46. Qc2 Qxc2 47.
Bxc2 Bc5 48. f3 Bb4 49. Kf1 Bc3 50. Ke2 Bb4 51. Kf2 Bc3 52. Kg2 Bb4 53. Kf1 Bc3
54. Ke2 Bb4 1/2-1/2